Бетатрон с симметричным магнитным полем; Известия вузов. Электромеханика; № 2

Dades bibliogràfiques
Parent link:Известия вузов. Электромеханика.— , 1958-
№ 2.— 1959.— С. 131-134
Autor principal: Филиппов М. Ф. Михаил Федосеевич
Idioma:rus
Publicat: 1959
Matèries:
Format: Capítol de llibre
KOHA link:https://koha.lib.tpu.ru/cgi-bin/koha/opac-detail.pl?biblionumber=576750

MARC

LEADER 00000naa2a2200000 4500
001 576750
005 20231102021932.0
035 |a (RuTPU)RU\TPU\prd\275891 
035 |a RU\TPU\tpu\5224 
090 |a 576750 
100 |a 20180302a1959 k y0rusy50 ca 
101 0 |a rus 
102 |a RU 
200 1 |a Бетатрон с симметричным магнитным полем  |f М. Ф. Филиппов 
461 |0 (RuTPU)RU\TPU\prd\195  |t Известия вузов. Электромеханика  |d 1958- 
463 |0 (RuTPU)RU\TPU\prd\45081  |t № 2  |v С. 131-134  |d 1959 
610 1 |a ускорители 
610 1 |a бетатроны 
610 1 |a магнитные поля 
610 1 |a труды учёных ТПУ 
700 1 |a Филиппов  |b М. Ф.  |c зав. кафедрой теоретической и общей электротехники ТПИ  |c выпускник СТИ 1929 г. по электротехнической специальности  |f 1904-?  |g Михаил Федосеевич  |2 stltpush  |3 (RuTPU)RU\TPU\pers\22824  |9 9802 
801 0 |a RU  |b 63413507  |c 20011210  |g PSBO 
801 2 |a RU  |b 63413507  |c 20180302  |g PSBO 
942 |c BK